000 01662pac a2200445 i 4500
003 EG-GICUC
005 20260121101538.0
008 971202s1998 enk frb 001 0 eng d
020 _a0335195059
020 _a0335200044
020 _a9780335195053
020 _a9780335200047
040 _aDLC
_cDLC
_dDLC
_dEG-GICUC
_beng
_erda
043 _ae-uk---
050 0 0 _aHV9145.A5
_bB76 1998
082 0 0 _a343.661042
_221
092 0 4 _221
099 _aLaw 10 1998
100 1 _aBrown, Sheila,
_d1959-
245 1 0 _aUnderstanding youth and crime :
_blistening to youth? /
_cSheila Brown.
264 _aBuckingham [England] ;
_aPhiladelphia :
_bOpen University Press,
_c1998.
300 _ax, 144 page ;
_c24 cm.
336 _atext
_btxt
_2rdacontent
337 _aunmediated
_bn
_2rdamedia
338 _avolume
_bnc
_2rdacarrier
490 1 _aCrime and justice
504 _aIncludes bibliographical references (p. [125]-133) and index.
650 0 _aJuvenile delinquency
_zGreat Britain.
650 0 _aAt-risk youth
_zGreat Britain.
650 0 _aDeviant behavior
_zGreat Britain.
650 0 _aJuvenile justice, Administration of
_zGreat Britain.
650 0 _aCriminology
_zGreat Britain.
830 0 _aCrime and justice (Buckingham, England)
856 4 2 _uhttps://fll.law.cu.edu.eg/fulltext/bks/ENGB10-00092.pdf
856 4 2 _3Publisher description
_uhttp://www.loc.gov/catdir/description/mh051/97047447.html
856 4 2 _3Contributor biographical information
_uhttp://www.loc.gov/catdir/bios/mh051/97047447.html
856 4 1 _3Table of contents
_uhttp://www.loc.gov/catdir/toc/mh051/97047447.html
905 _a10
942 _2ddc
_cBK
_e21
_n0
999 _c52533
_d52533